• 首页
  • 本馆介绍
  • 公告通知
  • 最新文献
  • 馆藏检索
  • 电子资源
  • 读者导购
  • 参考咨询
  • 我的图书馆
  • 登录
  • 详细信息显示
  • 放入我的书架
  • 预约/预借图书
  • 作者相关作品
  • 分类相关作品
  • 丛书相关作品
  • 出版社相关作品

书目信息

  • 表格格式
  • 工作单格式
  • 卡片格式
题名:
过程装备腐蚀与防护
    
 
作者: 闫康平 , 王贵欣 , 罗春晖 主编
分册:  
出版信息: 北京   化学工业出版社  2019重印
页数: 284页
开本: 26cm
丛书名:
单 册:
中图分类: TQ050.9
科图分类:
主题词: 化工过程--Hua Gong Guo Cheng--化工设备--腐蚀 , 化工过程--Hua Gong Guo Cheng--化工设备--防腐
电子资源:
ISBN: 978-7-122-25633-1
000 01250nam0 2200313 45
001 012001000239
005 20191108094607.35
010    @a978-7-122-25633-1@dCNY39.00
099    @aCAL 012016027567
100    @a20160322d2016 em y0chiy50 ea
101 0  @achi
102    @aCN@b110000
105    @aak a 000yy
106    @ar
200 1  @a过程装备腐蚀与防护@AGuo Cheng Zhuang Bei Fu Shi Yu Fang Hu@f闫康平, 王贵欣, 罗春晖
205    @a第3版
210    @a北京@c化学工业出版社@d2019重印
215    @a284页@c图@d26cm
300    @a普通高等教育“十一五”国家级规划教材 中国石油和化学工业优秀出版物 (教材奖) 一等奖
320    @a有书目
330    @a本书共有9章,其中金属电化学腐蚀基本理论、影响局部腐蚀的结构因素、影响腐蚀的环境因素、防腐方法和腐蚀监控4章内容,重点阐明腐蚀理论的应用,分析过程装备典型的腐蚀现象并提出正确的防护途径;金属结构材料的耐蚀性和非金属结构材料的耐蚀特性2章内容。
606 0  @a化工过程@AHua Gong Guo Cheng@x化工设备@x腐蚀
606 0  @a化工过程@AHua Gong Guo Cheng@x化工设备@x防腐
690    @aTQ050.9@v4
701  0 @a闫康平@AYan Kang Ping@4主编
701  0 @a王贵欣@AWang Gui Xin@4主编
701  0 @a罗春晖@ALuo Chun Hui@4主编
801  0 @aCN@b北京卓展文化@c20191020
905    @b1200104-7@dTQ050.9@e504=3@f4
    
    过程装备腐蚀与防护/闫康平, 王贵欣, 罗春晖.-第3版.-北京:化学工业出版社,2019重印
    284页:图;26cm
    普通高等教育“十一五”国家级规划教材 中国石油和化学工业优秀出版物 (教材奖) 一等奖
    
    ISBN 978-7-122-25633-1:CNY39.00
    本书共有9章,其中金属电化学腐蚀基本理论、影响局部腐蚀的结构因素、影响腐蚀的环境因素、防腐方法和腐蚀监控4章内容,重点阐明腐蚀理论的应用,分析过程装备典型的腐蚀现象并提出正确的防护途径;金属结构材料的耐蚀性和非金属结构材料的耐蚀特性2章内容。
●
相关链接 在E读中查询图书 在五车中查询图书 在当当中查询图书 在豆瓣中查询图书


正题名:过程装备腐蚀与防护     索取号:TQ050.9/504=3         预约/预借

序号 登录号 条形码 馆藏地/架位号 状态 备注
1 1200104   212001046   第二样本阅览室/ [索取号:TQ050.9/504=3] 在馆    
2 1200105   212001055   第三借阅区/ [索取号:TQ050.9/504=3] 在馆    
3 1200106   212001064   第三借阅区/ [索取号:TQ050.9/504=3] 在馆    
4 1200107   212001073   第三借阅区/ [索取号:TQ050.9/504=3] 在馆    
欢迎您!
大连网信软件有限公司© 版权所有